[Event "4NCL Division 3s"]
[Site "Daventry Court ENG"]
[Date "2014.11.16"]
[Round "2.218"]
[White "Gentry, Alan"]
[Black "Grey, Nicholas D"]
[Result "1-0"]
[WhiteElo "1793"]
[BlackElo "1775"]
[PlyCount "51"]
[EventDate "2014.11.16"]
[WhiteTeam "Witney Brown Jack"]
[BlackTeam "BCM Rhinos (2)"]

1. d4 Nf6 2. c4 c5 3. d5 b5 4. Qc2 d6 5. e4 g6 6. Nf3 Bg7 7. Be2 O-O 8. O-O
Nbd7 9. h3 Nb6 10. Bf4 Nxe4 11. Qxe4 Bf5 12. Qe3 Bxb2 13. Nbd2 Bxa1 14. Rxa1
bxc4 15. Bxc4 Rb8 16. Bh6 Re8 17. g4 Nxc4 18. Nxc4 Rb1+ 19. Rxb1 Bxb1 20. Ng5
e6 21. Qf3 Bf5 22. gxf5 exf5 23. Qc3 f6 24. Ne6 Rxe6 25. dxe6 Qe7 26. Qf3 1-0

[Event "4NCL Division 3s"]
[Site "Daventry Court ENG"]
[Date "2014.11.16"]
[Round "2.219"]
[White "Sargent, John R"]
[Black "Sheremetyeva, Elizaveta"]
[Result "1-0"]
[WhiteElo "1771"]
[BlackElo "1596"]
[PlyCount "77"]
[EventDate "2014.11.16"]
[WhiteTeam "BCM Rhinos (2)"]
[BlackTeam "Witney Brown Jack"]

1. e4 c6 2. d4 d5 3. exd5 cxd5 4. Bd3 Nc6 5. c3 Nf6 6. Bf4 g6 7. Nd2 Bg7 8.
Ngf3 Bf5 9. Bxf5 gxf5 10. Ne5 Qb6 11. Qb3 Qa6 12. Bg5 O-O 13. Ndf3 Ne4 14. Qxd5
Nxe5 15. dxe5 Rad8 16. Qb3 Nxg5 17. Nxg5 Bxe5 18. Nf3 Bg7 19. Qc2 f4 20. Qe2
Qxe2+ 21. Kxe2 e5 22. Ng5 Rfe8 23. Rad1 Rc8 24. Rd7 f5 25. Rhd1 h6 26. Nf7 Rf8
27. Nd6 Rb8 28. Nxb7 e4 29. a4 Kh7 30. R1d6 a5 31. Rd5 Rf6 32. Rxa5 Rg6 33.
Rxf5 Rxg2 34. Rxf4 Rxh2 35. a5 e3 36. Kxe3 Rh3+ 37. Ke2 Rh5 38. Rg4 Re5+ 39.
Kf1 1-0

[Event "4NCL Division 3s"]
[Site "Daventry Court ENG"]
[Date "2014.11.16"]
[Round "2.225"]
[White "Gallagher, Daniel GH"]
[Black "Ingram, Keith"]
[Result "1/2-1/2"]
[WhiteElo "1753"]
[BlackElo "2009"]
[PlyCount "93"]
[EventDate "2014.11.16"]
[WhiteTeam "Check Us Out"]
[BlackTeam "Warwickshire Select 2"]

1. e4 e5 2. Nf3 Nc6 3. Bb5 a6 4. Ba4 Nf6 5. O-O Be7 6. d3 d6 7. c3 O-O 8. Re1
b5 9. Bb3 Na5 10. Bc2 c5 11. Nbd2 Bb7 12. Nf1 Re8 13. Ng3 g6 14. h3 Bf8 15. Bg5
h6 16. Bd2 Bg7 17. a4 Qc7 18. d4 Nc4 19. Bc1 cxd4 20. cxd4 Rec8 21. Bb3 Na5 22.
Ba2 Nc6 23. Be3 exd4 24. Nxd4 Nxd4 25. Bxd4 bxa4 26. Qxa4 Qd7 27. Qxd7 Nxd7 28.
Bxg7 Kxg7 29. Red1 Rc6 30. Bd5 Rb6 31. Bxb7 Rxb7 32. Rxd6 a5 33. Rd5 a4 34. Ra2
Kf6 35. Ne2 Ne5 36. Nc3 Nc4 37. Rxa4 Rxa4 38. Nxa4 Rb4 39. Kh2 Nxb2 40. Nxb2
Rxb2 41. Kg3 Rb3+ 42. f3 Rb2 43. h4 h5 44. Ra5 Re2 45. Rb5 Ke6 46. Ra5 Kf6 47.
Rb5 1/2-1/2

[Event "4NCL Division 3s"]
[Site "Daventry Court ENG"]
[Date "2014.11.16"]
[Round "2.226"]
[White "Paterson, Andrew"]
[Black "Golding, James"]
[Result "1/2-1/2"]
[WhiteElo "2037"]
[BlackElo "1713"]
[PlyCount "60"]
[EventDate "2014.11.16"]
[WhiteTeam "Warwickshire Select 2"]
[BlackTeam "Check Us Out"]

1. e4 e5 2. Nf3 Nc6 3. Bb5 a6 4. Ba4 Nf6 5. d3 b5 6. Bb3 Bc5 7. O-O d6 8. c3 h6
9. a4 Rb8 10. Nbd2 O-O 11. Re1 Bb6 12. Nf1 Ne7 13. Ng3 Ng6 14. d4 Re8 15. d5
Nf4 16. Be3 Bd7 17. axb5 axb5 18. Qd2 Ng4 19. Bxb6 Rxb6 20. Ra7 Kh7 21. h3 Nf6
22. Rea1 Qc8 23. Qe3 Bxh3 24. gxh3 Qxh3 25. Ne1 Ng4 26. Qf3 Qh2+ 27. Kf1 Qh3+
28. Kg1 Qh2+ 29. Kf1 Qh3+ 30. Kg1 Qh2+ 1/2-1/2

[Event "4NCL Division 3s"]
[Site "Daventry Court ENG"]
[Date "2014.11.16"]
[Round "2.227"]
[White "Ramaiya, Anshu"]
[Black "Roberts, Nick"]
[Result "1/2-1/2"]
[WhiteElo "1716"]
[BlackElo "1968"]
[PlyCount "47"]
[EventDate "2014.11.16"]
[WhiteTeam "Check Us Out"]
[BlackTeam "Warwickshire Select 2"]

1. e4 c5 2. Nc3 Nc6 3. f4 d6 4. Bc4 e6 5. a3 Nf6 6. d3 Be7 7. Nf3 d5 8. Ba2
dxe4 9. dxe4 Qxd1+ 10. Kxd1 O-O 11. e5 Rd8+ 12. Ke2 Nd5 13. Bd2 Nxc3+ 14. Bxc3
b5 15. Rad1 Ba6 16. Kf2 Bb7 17. Rhe1 a5 18. Bd2 Rd7 19. Be3 Rad8 20. Rxd7 Rxd7
21. c3 a4 22. g3 Na5 23. Nd2 g6 24. Bb1 1/2-1/2

[Event "4NCL Division 3s"]
[Site "Daventry Court ENG"]
[Date "2014.11.16"]
[Round "2.228"]
[White "Webster, Paul"]
[Black "Purvis, Anna"]
[Result "1-0"]
[WhiteElo "1990"]
[BlackElo "1428"]
[PlyCount "53"]
[EventDate "2014.11.16"]
[WhiteTeam "Warwickshire Select 2"]
[BlackTeam "Check Us Out"]

1. d4 d5 2. Nf3 c6 3. Bf4 Nf6 4. e3 Bf5 5. h3 h6 6. Bd3 Bxd3 7. Qxd3 e6 8. O-O
Bd6 9. Be5 Bxe5 10. dxe5 Nfd7 11. c4 Qc7 12. cxd5 cxd5 13. Nc3 a6 14. e4 dxe4
15. Nxe4 Nc6 16. Nd6+ Ke7 17. Qa3 Qb8 18. Nxb7+ Ke8 19. Nd6+ Kf8 20. Rac1 Na7
21. Rfd1 Kg8 22. Nxf7 Kxf7 23. Rxd7+ Kg8 24. Qe7 Qf8 25. Rxa7 Rxa7 26. Qxa7 Rh7
27. Qd7 1-0

[Event "4NCL Division 3s"]
[Site "Daventry Court ENG"]
[Date "2014.11.16"]
[Round "2.229"]
[White "Covey, Jason"]
[Black "Fallowfield, Nic"]
[Result "0-1"]
[WhiteElo "1538"]
[BlackElo "1940"]
[PlyCount "84"]
[EventDate "2014.11.16"]
[WhiteTeam "Check Us Out"]
[BlackTeam "Warwickshire Select 2"]

1. e4 Nf6 2. e5 Nd5 3. c4 Nb6 4. d4 d6 5. exd6 exd6 6. Nc3 Nc6 7. Be3 Be7 8.
Bd3 O-O 9. Nge2 Nb4 10. O-O Nxd3 11. Qxd3 d5 12. cxd5 Nxd5 13. Nxd5 Qxd5 14.
Nc3 Qd8 15. Rac1 a6 16. Rfe1 Bd6 17. Nd5 Bxh2+ 18. Kxh2 Qxd5 19. Qc4 Qxc4 20.
Rxc4 c6 21. Bf4 Be6 22. Ra4 Rfd8 23. Be5 Bd5 24. Re3 f6 25. Bc7 Re8 26. Rb4 b5
27. Rxe8+ Rxe8 28. a4 Re2 29. Bg3 Kf7 30. axb5 axb5 31. Kh3 g5 32. f3 h5 33.
Bc7 Kg6 34. Bd6 f5 35. Bc7 f4 36. Be5 Kf5 37. g4+ hxg4+ 38. fxg4+ Ke6 39. b3
Re3+ 40. Kh2 Rg3 41. Bb8 Rxg4 42. Kh3 Rh4# 0-1

[Event "4NCL Division 3s"]
[Site "Daventry Court ENG"]
[Date "2014.11.16"]
[Round "2.235"]
[White "Hand, Freddie"]
[Black "Ogunshola, Ben"]
[Result "0-1"]
[WhiteElo "1834"]
[BlackElo "2155"]
[PlyCount "110"]
[EventDate "2014.11.16"]
[WhiteTeam "KJCA Knights"]
[BlackTeam "The Pitstop"]

1. d4 d6 2. c4 g6 3. e4 Bg7 4. Nc3 Nf6 5. f3 c6 6. Be3 a6 7. c5 dxc5 8. dxc5
Qxd1+ 9. Rxd1 Be6 10. Nge2 Bc4 11. Nd4 Bb5 12. Kf2 Nbd7 13. Nb3 O-O-O 14. g3
Ne5 15. Bh3+ e6 16. Nd4 Rhe8 17. a4 Bd3 18. f4 Nfg4+ 19. Bxg4 Nxg4+ 20. Kf3
Nxe3 21. Kxe3 Bxd4+ 22. Kxd3 Bxc5+ 23. Ke2 Rxd1 24. Rxd1 Rd8 25. Kf3 Rxd1 26.
Nxd1 Bd4 27. Kg4 b5 28. axb5 axb5 29. Kg5 Kd7 30. Kh6 Bg1 31. g4 Bxh2 32. f5
gxf5 33. gxf5 Ke7 34. Nf2 Bg1 35. Ng4 Bd4 36. b3 c5 37. fxe6 fxe6 38. Kg5 c4
39. bxc4 bxc4 40. Kf4 c3 41. Ne3 Bxe3+ 42. Kxe3 h5 43. Kd3 h4 44. Kxc3 h3 45.
e5 h2 46. Kd3 h1=Q 47. Kd4 Qd5+ 48. Ke3 Qxe5+ 49. Kd3 Kd6 50. Kc4 Qe3 51. Kb4
Qc1 52. Kb3 Kd5 53. Kb4 Qb2+ 54. Ka5 Kc5 55. Ka6 Qb6# 0-1

[Event "4NCL Division 3s"]
[Site "Daventry Court ENG"]
[Date "2014.11.16"]
[Round "2.236"]
[White "Froom, Oliver"]
[Black "Smith, Patrick"]
[Result "1/2-1/2"]
[WhiteElo "1998"]
[BlackElo "1820"]
[PlyCount "124"]
[EventDate "2014.11.16"]
[WhiteTeam "The Pitstop"]
[BlackTeam "KJCA Knights"]

1. e4 d6 2. d3 e5 3. f4 Nc6 4. Nf3 exf4 5. Bxf4 f5 6. Nc3 Nf6 7. Qd2 a6 8.
O-O-O fxe4 9. dxe4 Be6 10. Ng5 Bg8 11. Nd5 Be7 12. Re1 h6 13. Nf3 Qd7 14. Nxe7
Nxe7 15. e5 dxe5 16. Bxe5 O-O-O 17. Bxf6 gxf6 18. Qxd7+ Rxd7 19. Bd3 Bd5 20.
Rhf1 Kb8 21. Nh4 Rf8 22. g3 Nc6 23. Rf4 Rdd8 24. a3 Ne5 25. Be4 b5 26. Bxd5
Rxd5 27. Rxe5 Rxe5 28. Ng6 Ree8 29. Nxf8 Rxf8 30. Kd2 Kb7 31. Ke3 Kc6 32. Ke4
Re8+ 33. Kf3 Re6 34. c4 bxc4 35. Rxc4+ Kd6 36. Rh4 f5 37. Rf4 Rf6 38. Ke3 Ke5
39. Rc4 Kd6 40. b4 c6 41. Rc5 Re6+ 42. Kf4 Re4+ 43. Kxf5 Re2 44. h4 Re3 45. Ra5
Rxg3 46. Rxa6 Kd5 47. Kf4 Rh3 48. Kg4 Rb3 49. Kh5 Rh3 50. Ra5+ Ke6 51. Kg4 Rb3
52. Ra6 Kd5 53. h5 Kd6 54. Ra5 Ke6 55. Kf4 Rh3 56. Ke4 Rh4+ 57. Kf3 Kd6 58. Kg3
Re4 59. Kf3 Rh4 60. Kg3 Re4 61. Rf5 Ke6 62. Rc5 Kd6 1/2-1/2

[Event "4NCL Division 3s"]
[Site "Daventry Court ENG"]
[Date "2014.11.16"]
[Round "2.237"]
[White "Green, Michael"]
[Black "Sloan, Hamish"]
[Result "1-0"]
[WhiteElo "1872"]
[BlackElo "1631"]
[PlyCount "119"]
[EventDate "2014.11.16"]
[WhiteTeam "KJCA Knights"]
[BlackTeam "The Pitstop"]

1. e4 c5 2. Nf3 Nc6 3. d4 cxd4 4. Nxd4 Nf6 5. Nc3 e5 6. Ndb5 d6 7. a4 a6 8. Na3
Be7 9. Be3 Be6 10. Bc4 Na5 11. Bd5 Qc7 12. O-O Bxd5 13. Nxd5 Nxd5 14. Qxd5 O-O
15. b4 Nc6 16. Qb3 Nd8 17. Nc4 Ne6 18. Nb6 Rab8 19. Nd5 Qd7 20. Rfd1 Rfe8 21.
Rd2 Bf8 22. Rad1 Qc6 23. b5 axb5 24. axb5 Qc8 25. Ba7 Ra8 26. Nb6 Qc7 27. Nxa8
Rxa8 28. Be3 Nc5 29. Bxc5 Qxc5 30. Qd5 Qc7 31. h3 g6 32. c4 Ra5 33. Qd3 b6 34.
Rb1 Qc5 35. Qd5 Ra7 36. Qxc5 dxc5 37. Rbd1 Be7 38. Rd7 Rxd7 39. Rxd7 Kf8 40.
Rb7 Bd8 41. f4 exf4 42. Kf2 h5 43. Kf3 g5 44. e5 Ke8 45. Ke4 Kf8 46. Kf5 Ke8
47. Ke4 Kf8 48. h4 g4 49. Kxf4 Ke8 50. Kf5 Kf8 51. e6 fxe6+ 52. Kxe6 Bxh4 53.
Rxb6 Bf2 54. Rb7 h4 55. Kf6 Bd4+ 56. Kg5 h3 57. g3 Bg7 58. Rd7 h2 59. Rd1 Bd4
60. Rh1 1-0

[Event "4NCL Division 3s"]
[Site "Daventry Court ENG"]
[Date "2014.11.16"]
[Round "2.239"]
[White "Anilkumar(Jnr), Anantha P"]
[Black "Faizi, Tariq"]
[Result "1-0"]
[WhiteElo "1727"]
[BlackElo "1460"]
[PlyCount "75"]
[EventDate "2014.11.16"]
[WhiteTeam "KJCA Knights"]
[BlackTeam "The Pitstop"]

1. d4 d5 2. c4 e6 3. Nc3 Nf6 4. Bg5 Be7 5. Nf3 Nbd7 6. e3 O-O 7. Bd3 dxc4 8.
Bxc4 a6 9. a4 Nh5 10. Bxe7 Qxe7 11. O-O Nhf6 12. Bd3 e5 13. e4 h6 14. Bc2 Re8
15. Kh1 exd4 16. Qxd4 Ne5 17. Nxe5 Qxe5 18. Qxe5 Rxe5 19. f4 Re8 20. e5 Nh7 21.
Nd5 Be6 22. Nxc7 Nf8 23. Nxa8 Rxa8 24. Be4 Rb8 25. Rfc1 b6 26. b4 g6 27. b5 a5
28. Rc7 Nd7 29. Rd1 Rd8 30. Bc6 Bb3 31. Rdxd7 Rxd7 32. Rxd7 Bxa4 33. Rb7 Bb3
34. Rxb6 a4 35. Ra6 Kf8 36. b6 Ke7 37. b7 h5 38. b8=Q 1-0

[Event "4NCL Division 3s"]
[Site "Daventry Court ENG"]
[Date "2014.11.16"]
[Round "2.245"]
[White "Hassall, Mark"]
[Black "Varney, Zoe"]
[Result "1/2-1/2"]
[WhiteElo "1956"]
[BlackElo "1736"]
[PlyCount "61"]
[EventDate "2014.11.16"]
[WhiteTeam "West is Best 2"]
[BlackTeam "Oxford 3"]

1. e4 e5 2. Nf3 Nc6 3. Bb5 Nf6 4. O-O Nxe4 5. d4 Nd6 6. Bxc6 dxc6 7. dxe5 Nf5
8. Qxd8+ Kxd8 9. Nc3 h6 10. h3 Be7 11. Bf4 Bd7 12. Rad1 Kc8 13. Bh2 b6 14. g4
Nh4 15. Nxh4 Bxh4 16. Ne4 Re8 17. Ng3 f6 18. Nh5 fxe5 19. Nxg7 Re7 20. Nh5 Kb7
21. Rde1 e4 22. Re3 Rf8 23. Ng3 Bxg3 24. Bxg3 h5 25. f3 Ref7 26. Rxe4 hxg4 27.
hxg4 Rxf3 28. Rxf3 Rxf3 29. Kg2 Rf7 30. Be5 c5 31. Kg3 1/2-1/2

[Event "4NCL Division 3s"]
[Site "Daventry Court ENG"]
[Date "2014.11.16"]
[Round "2"]
[White "Buttell, David"]
[Black "Pollack, Oscar"]
[Result "1-0"]
[WhiteElo "1847"]
[BlackElo "1780"]
[PlyCount "133"]
[EventDate "2014.11.16"]
[WhiteTeam "Celtic Tigers 2"]
[BlackTeam "Barnet Knights 2"]

1. d4 Nf6 2. c4 g6 3. Nc3 Bg7 4. e4 d6 5. f3 O-O 6. Be3 e5 7. d5 c5 8. Qd2 Na6
9. Bd3 Bd7 10. Nge2 Nc7 11. g4 a6 12. Ng3 b5 13. b3 b4 14. Nd1 a5 15. Nf2 a4
16. Ke2 Ra6 17. h4 Qa8 18. Rab1 Rb8 19. h5 Rb7 20. hxg6 fxg6 21. g5 Nfe8 22.
Rb2 Rba7 23. Bb1 axb3 24. axb3 Ra3 25. Nd3 R7a5 26. Kf1 Ra1 27. Qh2 Rxb1+ 28.
Rxb1 Ra1 29. Rxa1 Qxa1+ 30. Ne1 Qc3 31. Qe2 Qxb3 32. Qd3 Ba4 33. Rh2 Na8 34.
Bc1 Nb6 35. Rb2 Qxc4 36. Qxc4 Nxc4 37. Ra2 Bb5 38. Kg2 b3 39. Ra8 Ne3+ 40. Kg1
Nc2 41. Nxc2 bxc2 42. Kf2 Kf7 43. Ra7+ Kf8 44. Ke1 Bd3 45. Nh1 Bc4 46. Kd2 Bb3
47. Kc3 c4 48. Ng3 Kg8 49. Nf1 Bf8 50. Nd2 Ng7 51. Nxb3 cxb3 52. Kxb3 Nh5 53.
Kxc2 Nf4 54. Ba3 Ne2 55. Kd3 Nd4 56. Ra8 Kg7 57. Ra7+ Kg8 58. Rd7 Nxf3 59. Bxd6
Bxd6 60. Rxd6 Nxg5 61. Ra6 Nf7 62. Ke3 Kf8 63. Re6 g5 64. Kf3 h5 65. d6 g4+ 66.
Kg3 Kg7 67. d7 1-0

[Event "4NCL Division 3s"]
[Site "Daventry Court ENG"]
[Date "2014.11.16"]
[Round "2.1"]
[White "Balouka-Myers, Gabriel"]
[Black "Larter, Nick"]
[Result "1/2-1/2"]
[WhiteElo "1557"]
[BlackElo "1787"]
[PlyCount "75"]
[EventDate "2014.11.16"]
[WhiteTeam "Barnet Knights 2"]
[BlackTeam "Celtic Tigers 2"]

1. d4 e6 2. e4 d5 3. exd5 exd5 4. Bd3 c5 5. Qe2+ Qe7 6. Qxe7+ Bxe7 7. dxc5 Bxc5
8. Nf3 Nf6 9. O-O O-O 10. Bg5 Ne4 11. Nbd2 Nxg5 12. Nxg5 h6 13. Ngf3 Bg4 14. h3
Be6 15. Nb3 Bb6 16. Nbd4 Nc6 17. Nxe6 fxe6 18. Rae1 Rf6 19. Ne5 Nxe5 20. Rxe5
Bd4 21. Re2 Raf8 22. c3 Bb6 23. g3 e5 24. Kg2 e4 25. Bc2 e3 26. Bb3 Rxf2+ 27.
Rexf2 exf2 28. Bxd5+ Kh8 29. Bxb7 Re8 30. b4 Re7 31. Ba6 Re6 32. c4 Bd4 33. b5
Bc5 34. Bb7 g6 35. Bf3 Kg7 36. g4 Re5 37. Kg3 g5 38. a4 1/2-1/2

[Event "4NCL Division 3s"]
[Site "Daventry Court ENG"]
[Date "2014.11.16"]
[Round "2.2"]
[White "Robinson, Owen"]
[Black "Karia, Kamlesh"]
[Result "1/2-1/2"]
[WhiteElo "1341"]
[BlackElo "1723"]
[PlyCount "58"]
[EventDate "2014.11.16"]
[WhiteTeam "Celtic Tigers 2"]
[BlackTeam "Barnet Knights 2"]

1. Nf3 Nf6 2. d4 g6 3. g3 Bg7 4. Bg2 d6 5. c3 O-O 6. O-O c6 7. Nbd2 Bg4 8. h3
Bf5 9. Re1 Ne4 10. Nh4 Nf6 11. Nxf5 gxf5 12. e4 fxe4 13. Nxe4 Nbd7 14. g4 d5
15. Nxf6+ exf6 16. Bf4 Re8 17. Qd2 Nf8 18. Rxe8 Qxe8 19. Re1 Qd7 20. Qe3 Qe6
21. Qxe6 fxe6 22. Bd6 Kf7 23. Bxf8 Bxf8 24. Bf3 Bh6 25. h4 Rg8 26. Kh1 Ke7 27.
Re2 Kd6 28. b3 b6 29. c4 Re8 1/2-1/2

[Event "4NCL Division 3s"]
[Site "Daventry Court ENG"]
[Date "2014.11.16"]
[Round "2.3"]
[White "Balouka-Myers, Reuben"]
[Black "Essinger, James"]
[Result "1-0"]
[WhiteElo "1482"]
[BlackElo "1761"]
[PlyCount "53"]
[EventDate "2014.11.16"]
[WhiteTeam "Barnet Knights 2"]
[BlackTeam "Celtic Tigers 2"]

1. e4 c5 2. Nc3 Nc6 3. f4 g6 4. Nf3 Bg7 5. Bc4 e6 6. d3 Nge7 7. O-O O-O 8. Qe1
d5 9. Bb3 Nd4 10. Nxd4 cxd4 11. Ne2 a5 12. a3 a4 13. Ba2 Qc7 14. c3 dxe4 15.
dxe4 dxc3 16. Nxc3 Bd7 17. Be3 Bxc3 18. bxc3 Bb5 19. Rf3 Rac8 20. Bd4 Nc6 21.
Bf6 e5 22. f5 Qb6+ 23. Kh1 Nd4 24. cxd4 Qxf6 25. fxg6 Qe7 26. Bxf7+ Kh8 27. Qg3
1-0

[Event "4NCL Division 3s"]
[Site "Daventry Court ENG"]
[Date "2014.11.16"]
[Round "2.10"]
[White "Lewis, Tim"]
[Black "Cooke, Charlie"]
[Result "0-1"]
[WhiteElo "1488"]
[BlackElo "1750"]
[PlyCount "120"]
[EventDate "2014.11.16"]
[WhiteTeam "Barnet Knights 3"]
[BlackTeam "BCM Hippos (3)"]

1. e4 e5 2. Nf3 Nf6 3. Nc3 Nc6 4. d4 exd4 5. Nxd4 Nxd4 6. Qxd4 d6 7. Bg5 c6 8.
O-O-O Be7 9. Bxf6 gxf6 10. Bc4 Be6 11. f4 Qb6 12. f5 Qxd4 13. Rxd4 Bxc4 14.
Rxc4 Kd7 15. Rd4 Rae8 16. Rhd1 Rhg8 17. R1d2 Rg4 18. R4d3 Rh4 19. g3 Rg4 20. h3
Rgg8 21. Nd1 Bf8 22. Kb1 Rxe4 23. Nf2 Re1+ 24. Rd1 Rxd1+ 25. Nxd1 Bh6 26. Nf2
Re8 27. a3 Re3 28. Rd1 Bg7 29. Rd4 b5 30. Rg4 Bf8 31. Rg8 Ke7 32. Nd3 a5 33.
Nf4 Rf3 34. Kc1 Bh6 35. Rg4 Rxg3 36. Rh4 Bg5 37. Rxh7 Bxf4+ 38. Kd1 Rg2 39. h4
Rd2+ 40. Ke1 Rxc2 41. h5 Rxb2 42. Rh8 Rh2 43. Kf1 b4 44. Ra8 bxa3 45. Rxa5 a2
46. Kg1 Rc2 47. Ra6 Rc1+ 48. Kg2 a1=Q 49. Rxa1 Rxa1 50. Kf3 Bg5 51. h6 Bxh6 52.
Kg4 Re1 53. Kh5 Bg5 54. Kg4 c5 55. Kh5 c4 56. Kg4 c3 57. Kh5 c2 58. Kg4 c1=Q
59. Kh5 Rh1+ 60. Kg4 Qf4# 0-1

[Event "4NCL Division 3s"]
[Site "Daventry Court ENG"]
[Date "2014.11.16"]
[Round "2.11"]
[White "Moore, John R"]
[Black "Karia, Devin"]
[Result "1-0"]
[WhiteElo "1711"]
[BlackElo "1267"]
[PlyCount "116"]
[EventDate "2014.11.16"]
[WhiteTeam "BCM Hippos (3)"]
[BlackTeam "Barnet Knights 3"]

1. e4 e5 2. Bc4 Nf6 3. d4 exd4 4. Nf3 Nc6 5. O-O Bc5 6. e5 Ng8 7. Re1 Nge7 8.
Ng5 O-O 9. Qh5 h6 10. Nxf7 Rxf7 11. Qxf7+ Kh8 12. Bxh6 gxh6 13. Qf6+ Kh7 14.
Bd3+ Kg8 15. Re4 d5 16. Rf4 Nxe5 17. Qxe5 Qe8 18. Rf3 Bg4 19. Rg3 h5 20. h3 Bd6
21. Qg5+ Kf7 22. hxg4 Bxg3 23. Qxh5+ Ke6 24. Qxe8 Rxe8 25. fxg3 Kf6 26. Nd2 Nc6
27. Nf3 Nb4 28. g5+ Kg7 29. Nxd4 Nxd3 30. cxd3 c5 31. Nf3 Re2 32. Rb1 d4 33.
Kf1 Re3 34. Rd1 b5 35. Kf2 a5 36. Rc1 Rxd3 37. Rxc5 Rd1 38. Ke2 Ra1 39. a3 b4
40. axb4 axb4 41. Rb5 Ra4 42. Nxd4 b3 43. Nxb3 Re4+ 44. Kf3 Re6 45. Nd4 Ra6 46.
b3 Kg6 47. Re5 Kh7 48. Kf4 Ra2 49. Re2 Rxe2 50. Nxe2 Kg6 51. b4 Kf7 52. Kf5 Ke7
53. g6 Kf8 54. b5 Kg8 55. b6 Kg7 56. b7 Kh6 57. b8=Q Kg7 58. Qe8 Kh6 1-0

[Event "4NCL Division 3s"]
[Site "Daventry Court ENG"]
[Date "2014.11.16"]
[Round "2.12"]
[White "Hung, Dylan"]
[Black "Minor, Harry"]
[Result "0-1"]
[WhiteElo "1349"]
[BlackElo "1621"]
[PlyCount "66"]
[EventDate "2014.11.16"]
[WhiteTeam "Barnet Knights 3"]
[BlackTeam "BCM Hippos (3)"]

1. c4 Nf6 2. g3 g6 3. Bg2 Bg7 4. Nc3 O-O 5. e4 d6 6. Nge2 Nc6 7. d3 e5 8. h3 a6
9. Be3 Ne7 10. Qd2 c6 11. Bh6 Ne8 12. O-O-O b5 13. h4 b4 14. Nb1 a5 15. h5 Be6
16. Bxg7 Kxg7 17. hxg6 Rh8 18. Qh6+ Kg8 19. gxh7+ Rxh7 20. Qxh7+ Kf8 21. f4 Bg4
22. Kd2 Ng8 23. fxe5 dxe5 24. Rdf1 Qg5+ 25. Ke1 Nef6 26. Qh4 Qe3 27. Rf2 Qxd3
28. Nd2 Rd8 29. Nc1 Qc2 30. Bf3 Bxf3 31. Rxf3 Rxd2 32. Qh6+ Nxh6 33. Rd3 Qd1#
0-1

[Event "4NCL Division 3s"]
[Site "Daventry Court ENG"]
[Date "2015.01.10"]
[Round "3.55"]
[White "Hall, John"]
[Black "Thorarinsson, Pall"]
[Result "1/2-1/2"]
[WhiteElo "2249"]
[BlackElo "2220"]
[PlyCount "35"]
[EventDate "2015.01.10"]
[WhiteTeam "Leeds University Old Boys"]
[BlackTeam "Fermented Sharks"]

1. e4 g6 2. d4 Bg7 3. Nc3 d6 4. f4 Nf6 5. Nf3 c5 6. Bb5+ Bd7 7. e5 Ng4 8. Bxd7+
Qxd7 9. h3 cxd4 10. Qxd4 Nc6 11. Qd3 Nh6 12. Be3 O-O-O 13. O-O-O dxe5 14. Qxd7+
Rxd7 15. Rxd7 Kxd7 16. fxe5 Nf5 17. Bf4 Rd8 18. Rd1+ 1/2-1/2

[Event "4NCL Division 3s"]
[Site "Daventry Court ENG"]
[Date "2015.01.10"]
[Round "3.56"]
[White "Farkas, Daniel"]
[Black "Birkin, Mark"]
[Result "1-0"]
[WhiteElo "2137"]
[BlackElo "1955"]
[PlyCount "63"]
[EventDate "2015.01.10"]

1. e4 e6 2. d4 d5 3. Nd2 Nf6 4. e5 Nfd7 5. Bd3 c5 6. c3 Nc6 7. Ngf3 f6 8. O-O
fxe5 9. dxe5 Ndxe5 10. Nxe5 Nxe5 11. Bc2 Bd6 12. f4 Nf7 13. Nf3 Qc7 14. f5 O-O
15. Re1 Nd8 16. fxe6 Bxe6 17. Ng5 Rf6 18. Nxh7 Bxh2+ 19. Kh1 Rf2 20. Be3 Rxg2
21. Kxg2 Qg3+ 22. Kh1 d4 23. Be4 dxe3 24. Qh5 g6 25. Bxg6 Qe5 26. Qxe5 Bxe5 27.
Be4 Bf4 28. Rg1+ Kh8 29. Raf1 Bh6 30. Nf8 Bf7 31. Ng6+ Bxg6 32. Bxg6 {
Unable to decipher/reconstruct remaining moves} 1-0

[Event "4NCL Division 3s"]
[Site "Daventry Court ENG"]
[Date "2015.01.10"]
[Round "3.57"]
[White "McGann, Gary"]
[Black "Agnew, Alan"]
[Result "1/2-1/2"]
[WhiteElo "2083"]
[BlackElo "2092"]
[PlyCount "69"]
[EventDate "2015.01.10"]

1. d4 d6 2. Nc3 g6 3. Bf4 Bg7 4. Qd2 Nd7 5. Nf3 c5 6. d5 a6 7. a4 Ngf6 8. e4
O-O 9. Be2 Qb6 10. O-O Qb4 11. Rfe1 Ng4 12. Nd1 Nge5 13. Nxe5 Nxe5 14. Qxb4
cxb4 15. Bd2 a5 16. c3 bxc3 17. Bxc3 Nd7 18. Bb5 Nc5 19. Bxg7 Kxg7 20. Nc3 Bd7
21. Bxd7 Nxd7 22. f4 Rac8 23. e5 Nc5 24. Rad1 Rfe8 25. Re3 f6 26. Rde1 dxe5 27.
fxe5 fxe5 28. Rxe5 Nd3 29. Rxe7+ Kf8 30. Rxe8+ Rxe8 31. Rf1+ Ke7 32. Rd1 Nxb2
33. Rb1 Nd3 34. Rxb7+ Kd6 35. h4 1/2-1/2

[Event "4NCL Division 3s"]
[Site "Daventry Court ENG"]
[Date "2015.01.10"]
[Round "3.58"]
[White "Millward, Kevin Philip"]
[Black "Mossong, Hubert"]
[Result "0-1"]
[WhiteElo "1964"]
[BlackElo "2100"]
[PlyCount "98"]
[EventDate "2015.01.10"]

1. e4 c5 2. Nc3 Nc6 3. g3 g6 4. Bg2 Bg7 5. d3 d6 6. Be3 e5 7. Nge2 Nge7 8. Qd2
Nd4 9. O-O O-O 10. f4 Be6 11. Rab1 Qd7 12. Nd5 Rae8 13. Nxe7+ Rxe7 14. Nc3 f5
15. Nd5 Bxd5 16. exd5 Nb5 17. fxe5 Bxe5 18. c3 Bf6 19. Rbe1 Rfe8 20. Bf2 Nc7
21. Rxe7 Rxe7 22. Re1 Qe8 23. Rxe7 Qxe7 24. Qe3 Kf7 25. Qxe7+ Kxe7 26. Be3 b5
27. Kf2 a5 28. Ke2 b4 29. Kd2 Nb5 30. c4 Nc7 31. Kc2 a4 32. Bf3 g5 33. g4 f4
34. Bd2 Bd4 35. Bd1 Na8 36. b3 a3 37. Bf3 Nc7 38. Kd1 Kf6 39. Ke2 Ke5 40. h3
Bc3 41. Bc1 Ne8 42. Be4 Nf6 43. Bf5 h6 44. Bg6 Kd4 45. Kf3 Nd7 46. Be4 Ne5+ 47.
Ke2 Nxc4 48. Kf3 Ne5+ 49. Ke2 c4 0-1

[Event "4NCL Division 3s"]
[Site "Daventry Court ENG"]
[Date "2015.01.10"]
[Round "3.59"]
[White "Taylor, Mark"]
[Black "Kay, Jonathan"]
[Result "1-0"]
[WhiteElo "2075"]
[BlackElo "1941"]
[PlyCount "57"]
[EventDate "2015.01.10"]

1. d4 d5 2. Nc3 Nf6 3. Bg5 c6 4. e3 Ne4 5. Nxe4 dxe4 6. Qd2 Qd5 7. Bf4 e6 8. f3
exf3 9. Nxf3 Be7 10. Bd3 a5 11. O-O a4 12. a3 Nd7 13. e4 Qa5 14. c3 Nf6 15.
Rae1 Bd7 16. Ne5 Rf8 17. Nc4 Qa7 18. Nd6+ Kd8 19. Kh1 Be8 20. d5 cxd5 21. exd5
Nxd5 22. Nxe8 Rxe8 23. Bb5 Rf8 24. c4 Qc5 25. Be3 Qd6 26. cxd5 exd5 27. Rf5 d4
28. Bxd4 f6 29. Rd5 1-0

[Event "4NCL Division 3s"]
[Site "Daventry Court ENG"]
[Date "2015.01.10"]
[Round "3.65"]
[White "Ross, Chris N"]
[Black "Heaven, Peter"]
[Result "1-0"]
[WhiteElo "2174"]
[BlackElo "1972"]
[PlyCount "139"]
[EventDate "2015.01.10"]

1. d4 Nf6 2. Nf3 d5 3. c4 dxc4 4. e3 e6 5. Bxc4 Be7 6. O-O O-O 7. Qe2 c5 8. Nc3
Nc6 9. Rd1 cxd4 10. exd4 Nb4 11. Bg5 Nbd5 12. Ne5 Nxc3 13. bxc3 Qc7 14. Rd3 Nd5
15. Bxe7 Qxe7 16. Bxd5 exd5 17. Re3 Qc7 18. Qb5 Be6 19. Rb1 Rab8 20. g3 Rfd8
21. Qa4 Bf5 22. Rb2 a6 23. Qb4 Qd6 24. Qb6 h6 25. h4 f6 26. Nf3 Qd7 27. Rbe2
Re8 28. Qc5 Rxe3 29. Rxe3 Be4 30. Nd2 Rc8 31. Qb4 Re8 32. Nxe4 Rxe4 33. Rxe4
dxe4 34. Qc4+ Kh8 35. d5 f5 36. Qd4 Qd6 37. c4 b6 38. g4 fxg4 39. Qxe4 g3 40.
fxg3 Qxg3+ 41. Kf1 Qd6 42. Kg2 Qf6 43. Qe8+ Kh7 44. Qc6 Qxh4 45. d6 Qg4+ 46.
Kf2 Qf4+ 47. Ke2 Qe5+ 48. Kd3 Qg3+ 49. Kc2 Qf2+ 50. Kb3 Qe3+ 51. Ka4 Qd3 52.
Qxb6 Qxc4+ 53. Ka5 Qxa2+ 54. Kb4 Qb2+ 55. Kc5 Qc3+ 56. Kd5 Qf3+ 57. Ke6 Qf8 58.
Kd7 h5 59. Qb1+ Kh6 60. Qc1+ g5 61. Kc7 Qg7+ 62. d7 Qe5+ 63. Kb7 Qe7 64. Qc7
Qb4+ 65. Kxa6 Qa4+ 66. Kb7 Qb4+ 67. Ka7 h4 68. d8=Q Kg6 69. Qc6+ Kf5 70. Qdd5+
1-0